| 000 | 00857nam a2200241 i 4500 | ||
|---|---|---|---|
| 001 | 19152 | ||
| 003 | ES-MaACL | ||
| 005 | 20230906152018.0 | ||
| 007 | t| | ||
| 008 | 020626s1999 sp ||||1| gao d | ||
| 020 | _a84-920260-7-3 | ||
| 080 | _a32 Alonso López, José | ||
| 080 | _a929 Alonso López, José | ||
| 100 | 1 |
_aDe-Cal y Cortina, Rosa María Gabriela. _943040 |
|
| 245 | 1 | 0 |
_aMemoria parlamentaria de D. José Alonso López a súa contribución á formación do estado liberal / _cRosa Mª Gabriela De-Cal y Cortina. |
| 260 |
_aFerrol : _bAteneo Ferrolán, _c1999. |
||
| 300 |
_a99 p. : _bil. ; _c30 cm. |
||
| 500 | _aCadernos Ateneo Ferrolán, ano XVI, nº 14, 1999. | ||
| 600 | 1 | 4 |
_aAlonso López, José. _920348 |
| 700 | 1 |
_aAlonso López, José. _920348 |
|
| 710 | 2 |
_aAteneo Ferrolán. _92041 |
|
| 852 |
_aES-MaACL _jL-25581 _bR.128974 |
||
| 999 |
_c19152 _d19152 |
||